LEADER 01374cam--2200349---450 001 990006082390203316 005 20220318090524.0 010 $a978-3-534-20099-3 035 $a000608239 035 $aUSA01000608239 035 $a(ALEPH)000608239USA01 035 $a000608239 100 $a20071126d2009----km-y0itay50------ba 101 0 $ager 102 $aDE 105 $a||||||||001yy 200 1 $a<> Weg in den Nationalsozialismus$fHrsg. Michael Kißener 210 $aDarmstadt$cWBG$d2009 215 $a246 p.$d21 cm 225 2 $aNeue Wege der Forschung 327 $aDie nationalsozialistische Machtergreifung$aMachtergreifung$aStufen totalitärer Gleichschaltung$aDie Gleichschaltung$aDie Kontroverse um den Reichstagsbrand$aPolitik aus den Schlüsselpositionen heraus$aWendepunkt Ermächtigungsgesetz$aEin KPD-Verbot im Jahre 1933?$aDie Reichstagswahl vom 5. März 1933 und das Nein zum Ermächtigungsgesetz$aMan kann nur Boden germanisieren$aVorgeschichte und Verlauf des 30. Juni 1934 410 0$12001$aNeue Wege der Forschung 606 0 $aNazionalsocialismo$2BNCF 676 $a335.6 702 1$aKIßENER,$bMichael 801 0$aIT$bsalbc$gISBD 912 $a990006082390203316 951 $aX.3.B. 7516$b245443 L.M.$cX.3.B.$d00345980 959 $aBK 969 $aUMA 996 $aWeg in den Nationalsozialismus$91382325 997 $aUNISA LEADER 02528oas 2200973 a 450 001 9910223625703321 005 20250921213016.0 035 $a(OCoLC)42611795 035 $a(CONSER) 2004255550 035 $a(CKB)954921408294 035 $a(EXLCZ)99954921408294 100 $a19991011b19862004 sy 101 0 $aeng 135 $aurmnu|||||||| 181 $ctxt$2rdacontent 182 $cc$2rdamedia 183 $acr$2rdacarrier 200 10$aNational underwriter 205 $aLife, health/financial services ed. 210 $a[Cincinnati, OH] $c[National Underwriter Co.]$d1986-2004 300 $aTitle from journal home page (ABI/INFORM Global, viewed October 28, 2004). 300 $aEdition statement varies slightly. 300 $aPublished: Erlanger, Ky., -Feb. 23, 2004. 311 08$a0893-8202 517 3 $aNational underwriter. 517 3 $aLife & health/financial services 517 3 $aLife and health financial services 517 1 $aNational underwriter. 606 $aLife insurance$vPeriodicals 606 $aHealth insurance$vPeriodicals 606 $aInsurance, Life 606 $aInsurance, Health 606 $aInsurance, Health 606 $aHealth insurance$2fast$3(OCoLC)fst01715839 606 $aLife insurance$2fast$3(OCoLC)fst01715858 607 $aUnited States 608 $aPeriodical. 608 $aPeriodicals.$2fast 608 $aPeriodicals.$2lcgft 615 0$aLife insurance 615 0$aHealth insurance 615 12$aInsurance, Life. 615 12$aInsurance, Health. 615 22$aInsurance, Health 615 7$aHealth insurance. 615 7$aLife insurance. 712 02$aNational Underwriter Company 801 0$bBNG 801 1$bBNG 801 2$bOCLCQ 801 2$bZCU 801 2$bOCLCQ 801 2$bOCLCE 801 2$bOCLCQ 801 2$bOCLCO 801 2$bOCLCQ 801 2$bOCLCF 801 2$bOCLCO 801 2$bOCLCQ 801 2$bOCLCO 801 2$bOCLCQ 801 2$bLIP 801 2$bOCLCO 801 2$bXFH 801 2$bOCLCO 801 2$bOCLCA 801 2$bU3W 801 2$bOCLCO 801 2$bAU@ 801 2$bOCLCO 801 2$bWYU 801 2$bOCLCO 801 2$bOCLCA 801 2$bVT2 801 2$bOCLCO 801 2$bOCLCQ 801 2$bOCLCO 801 2$bOCLCQ 801 2$bIOY 801 2$bOCLCL 906 $aJOURNAL 912 $a9910223625703321 996 $aNational underwriter$91888893 997 $aUNINA